01254nam a2200313 i 4500001001000000003000900010005001700019007000300036008004100039040003000080082001900110100003300129245018600162264003800348300005600386336002700442337003300469338002800502504006500530590002800595650001700623700004500640700004300685700004400728910000700772942001400779952013000793999001700923000026761DO-SdBNP20230904115354.0ta110325s197 dr ac 000 0 spa d aDO-SdBNPbspacBNPHUerda a150bP974d222 aCruz, José Reinaldo95386700aPsicología y desarrollo personal :buna psicología para el dominicano joven /cJosé Reinaldo Cruz, Enrique A. Fernández P.,Oscar Eduardo Hungria C., Marcos Aurelio Juliao R. aSanto Domingo :bLa Salle,c1975. a177 paginas. :bilustraciones., retratos. ;c22 cm. 2rdacontentatextobtxt 2rdamediaasin mediaciónbn 2rdacarrieravolumenbnc aIncluye referencias bibliográficas al pie de las páginas aInventariado, 2023 / DG aPsicología12aFernández P., Enrique A.953867eautor12aHungria C, Oscar Eduardoeautor98404612aJuliao R., Marcos Aurelioeautor984047 aDG 2ddccLBS1 00102ddc51708PDaBNPHUbBNPHUcCTd2023-09-04edonaciónl0oBNPHU PD 150 P974dp2023-5617r2023-09-04w2023-09-04yLBS1 c54607d54607